Mobile radio network design in the VHF and UHF bands: a practical approach (Record no. 8375)
[ view plain ]
| 000 -LEADER | |
|---|---|
| fixed length control field | 00941 a2200217 4500 |
| 020 ## - INTERNATIONAL STANDARD BOOK NUMBER | |
| International Standard Book Number | 0470029803 |
| 040 ## - CATALOGING SOURCE | |
| Original cataloging agency | DLC |
| Language of cataloging | DLC |
| 100 1# - MAIN ENTRY--PERSONAL NAME | |
| Personal name | Graham, Adrian William. |
| 245 10 - TITLE STATEMENT | |
| Title | Mobile radio network design in the VHF and UHF bands: a practical approach |
| Remainder of title | a practical approach |
| Statement of responsibility, etc. | Adrian W. Graham, Nicholas C. Kirkman and Peter M. Paul |
| 246 3# - VARYING FORM OF TITLE | |
| Title proper/short title | Mobile radio network design in the VHF and UHF bands [electronic resource] |
| 260 ## - PUBLICATION, DISTRIBUTION, ETC. | |
| Place of publication, distribution, etc. | Chichester : |
| Name of publisher, distributor, etc. | John Wiley and Sons Ltd, |
| Date of publication, distribution, etc. | 2007. |
| 300 ## - PHYSICAL DESCRIPTION | |
| Extent | xxi, 399 p. : |
| Other physical details | ill. ; |
| Dimensions | 26 cm. |
| 650 #0 - SUBJECT ADDED ENTRY--TOPICAL TERM | |
| Topical term or geographic name entry element | Mobile communications system. |
| 650 #0 - SUBJECT ADDED ENTRY--TOPICAL TERM | |
| Topical term or geographic name entry element | Radio |
| General subdivision | Transmitters and transmission. |
| 650 #0 - SUBJECT ADDED ENTRY--TOPICAL TERM | |
| Topical term or geographic name entry element | Telecommunication system. |
| 700 1# - ADDED ENTRY--PERSONAL NAME | |
| Personal name | Kirkman, Nicholas C. |
| 700 1# - ADDED ENTRY--PERSONAL NAME | |
| Personal name | Paul, Peter M. |
| 710 2# - ADDED ENTRY--CORPORATE NAME | |
| Corporate name or jurisdiction name as entry element | Wiley InterScience (Online service) |
| 856 41 - ELECTRONIC LOCATION AND ACCESS | |
| Uniform Resource Identifier | <a href="http://libproxy1.nus.edu.sg/login?url=http://www3.interscience.wiley.com/cgi-bin/homepage/?isbn=9780470059128">http://libproxy1.nus.edu.sg/login?url=http://www3.interscience.wiley.com/cgi-bin/homepage/?isbn=9780470059128</a> |
| 942 ## - ADDED ENTRY ELEMENTS (KOHA) | |
| Koha item type | Book |
| Call number prefix | 621.3845 GRA |
| Source of classification or shelving scheme | |
| Withdrawn status | Lost status | Damaged status | Not for loan | Collection code | Permanent Location | Current Location | Shelving location | Date acquired | Source of acquisition | Cost, normal purchase price | Total Checkouts | Full call number | Barcode | Date last seen | Price effective from | Koha item type |
|---|---|---|---|---|---|---|---|---|---|---|---|---|---|---|---|---|
| Central Library (CL) | Central Library (CL) | General Stacks | 02/16/2007 | A & J Def Tek Concultants | 7834.32 | 621.3845 GRA | SEECS008142 | 11/14/2012 | 01/05/2017 | Book |
